Which U.S. President Was Older Going Into Office? - Statistics

General Stats
  • This quiz has been taken 175 times
  • The average score is 6 of 10
Answer Stats
Question Answer % Correct
Joe Biden or Dwight Eisenhower? Joe Biden
94%
Andrew Jackson or John F. Kennedy? Andrew Jackson
83%
Abraham Lincoln or George Washington? George Washington
78%
Richard Nixon or Jimmy Carter? Nixon
69%
Theodore Roosevelt or Franklin Roosevelt? Franklin
67%
Donald Trump or Ronald Reagan? Donald Trump
61%
Thomas Jefferson or Gerald Ford? Gerald Ford
61%
Harry Truman or Herbert Hoover? Harry Truman
53%
Andrew Johnson or Lyndon B. Johnson? Andrew Johnson
33%
Barack Obama or Bill Clinton? Barack Obama
33%
No matching quizzes found
Score Distribution
Percent of People with Each Score
Percentile by Number Answered
Your Score History
You have not taken this quiz